00475nam a22001697a 450000500170000001000150001702000260003203500140005803700090007208200080008110000200008924500570010925000060016626000500017227000620022230000210028420250812105451.0 aENG-146468 a9789348892270c499.00 aEN-130000 bDBAD a881 aMukherjee, Hiya aHeart's Tapestry:bA Book Of Poems/cHiya Mukherjee  a1 aKolkata bEXCELLER BOOKS A GLOBAL PRESSc2024 aG1 Dream Apartment Degree College RoadbBelghariae700056 a286p. c22cm(pb)